00750cam a22002531 4500001000800000005001700008008004100025010001700066015001500083035001900098040002900117041000800146042001200154080001600166082001600182100000700198101000800205245006700213504002700280906004500307942001200352999001700364952011500381796365820180312061723.0751003s1961 maua b 000 0 eng  a 61006131  aGB61-13617 a(OCoLC)1672734 aDLCcFMUdOCoLCdUkdDLC aeng apremarc a621.072 BEC a621.072 BEC1 a27 aMEK10aMechanical measurements,cby T. G. Beckwith and N. Lewis Buck. aIncludes bibliography. a7bcbccoclcrplduencipf19gy-gencatlg 2ddccBK c44715d44715 00102udc40708PËKGa002b002cPËKGd2018-03-12l0o621.072 BECp002-3001544r2018-03-12w2018-03-12yBK